Movies Quiz

Random Movies or Quote Quiz

Oscars 2012 (Quotes) Quiz Stats

 Plays Quiz not verified by Sporcle

Score 0/20 Timer 07:00
0 Plays Today
% Correct
Viola Davis (The Help)
90%
Melissa McCarthy (Bridesmaids)
86%
Demián Bichir (A Better Life)
80%
Christopher Plummer (Beginners)
78%
Michelle Williams (My Week with Marilyn)
78%
George Clooney (The Descendants)
76%
Meryl Streep (The Iron Lady)
76%
Octavia Spencer (The Help)
76%
Jonah Hill (Moneyball)
74%
Janet McTeer (Albert Nobbs)
64%
% Correct
Gary Oldman (Tinker Tailor Soldier Spy)
58%
Kenneth Branagh (My Week with Marilyn)
50%
Max von Sydow (Extremely Loud & Incredibly Close)
50%
Rooney Mara (The Girl with the Dragon Tattoo)
50%
Jessica Chastain (The Help)
48%
Glenn Close (Albert Nobbs)
46%
Bérénice Bejo (The Artist)
46%
Nick Nolte (Warrior)
40%
Jean Dujardin (The Artist)
32%
Brad Pitt (Moneyball)
30%

You're not logged in!

Compare scores with friends on all Sporcle quizzes.
OR
Log In

Sporcle TV

Today on Sporcle TV


Watch our educational content, quiz creation guides, and fun videos on Sporcle TV.

Show Comments

Extras

Top Quizzes Today


Score Distribution

Your Account Isn't Verified!

In order to create a playlist on Sporcle, you need to verify the email address you used during registration. Go to your Sporcle Settings to finish the process.

Report this User

Report this user for behavior that violates our Community Guidelines.

Details: